Z diskusie na zasadaní Východoslovenského KV KSS dňa 25. novembra 1981 ; Anton Pezinský, Matej Berník, Marta Gellová, Michal Balvirčák

Bibliographic Details
Main Authors: Pezinský, Anton (Author), Berník, Matej (Author), Gellová, Marta (Author), Balvirčák, Michal (Author)
Format: Article
Language:Slovak
Subjects:

MARC

LEADER 00000nab a2200000 a 4500
001 vtls000102231
003 SK-MaSNL
005 20260305042110.0
008 111104c1981 xo 0 slo
015 |a SNBRB19rr/mm-uuuuu 
035 |a CL0112334 
040 |a SNKBUCL  |b slo  |c SNKBUCL  |e AACR2 
041 0 |a slo 
044 |a xo  |c SK 
080 |a 329.15(437.6)  |2 1981 
245 0 0 |a Z diskusie na zasadaní Východoslovenského KV KSS dňa 25. novembra 1981 ; Anton Pezinský, Matej Berník, Marta Gellová, Michal Balvirčák 
650 0 7 |a KSS KV  |2 snkbucl  |9 1003290 
651 7 |a 5400  |2 snkbucl  |9 279426 
651 7 |a 5403  |2 snkbucl  |9 893808 
651 7 |a Východoslovenský kraj (Slovensko)  |2 snkbucl  |9 161537 
655 7 |a články z novín a časopisov  |2 snkbucl  |9 267496 
700 1 |a Pezinský, Anton  |4 aut  |9 1228759 
700 1 |a Berník, Matej  |4 aut  |9 1004423 
700 1 |a Gellová, Marta  |4 aut  |9 1489327 
700 1 |a Balvirčák, Michal  |4 aut  |9 1198640 
773 0 |t Východoslovenské noviny  |g Roč. 30, č. 285 (2. 12. 1981), s. 3 
850 |a Slovenská národná knižnica v Martine  |a MTA001 
852 |a SNK  |b KIS3GCP 
958 |a RK 
992 |a RBX 
999 |c 3346519  |d 3348449